In the Zone Tracklist - Statistics

General Stats
  • This quiz has been taken 19 times
  • The average score is 9 of 14
Answer Stats
Answer % Correct
Toxic
100%
Everytime
86%
Me Against the Music
86%
(I Got That) Boom Boom
71%
Shadow
71%
Showdown
71%
The Hook Up
71%
Brave New Girl
57%
Early Mornin'
57%
Outrageous
57%
Breathe on Me
43%
Don't Hang Up
43%
The Answer
43%
Touch of My Hand
29%
No matching quizzes found
Score Distribution
Percent of People with Each Score
Percentile by Number Answered
Your Score History
You have not taken this quiz